000
00322nam a2200121Ia 4500
100
_a
William Richard A
942
_c
BK
654
_a
communication systems
245
_a
Communication systems Analysis and Design: A System Approach
260
_b
Prentice Hall
_a
New Jersey
_c
1987
300
_a
653
546
_a
ENGLISH
999
_c
26918
_d
26918